Poesía completa 1 /

Guardado en:
Autor Principal: Vallejo, César
Formato: Libro
Publicado: Buenos Aires : Losada, 2006
Materias:
Etiquetas: Agregar Etiqueta
Sin Etiquetas, Sea el primero en etiquetar este registro!
LEADER 00609nam a22002175a 4500
001 CEM.cems013277
005 20100922092122.0
008 130507s2006##################000#0#####d
003 CEMS
020 |a 9875033987 
082 0 4 |a Pe861.4 
100 1 |a Vallejo, César 
245 1 0 |a Poesía completa 1 /  |c César Vallejo 
260 |a Buenos Aires :  |b Losada,  |c 2006 
300 |a 176 p. 
505 0 |a Los heraldos negros -- Trilce 
653 |a Literatura 
653 |a Literatura peruana 
653 |a Poesía peruana 
653 |a Poesías 
859 |a CEMS  |b BIB. CEMS - 11 de abril  |h Pe861.4  |i V246  |p 25779.10  |t Ej.1  |v 1º  |3 1º